Tuesdays with Morrie : (Record no. 127)

MARC details
000 -LEADER
fixed length control field 00932fam a2200289 a 4500
005 - DATE AND TIME OF LATEST TRANSACTION
control field 20260322212007.0
008 - FIXED-LENGTH DATA ELEMENTS--GENERAL INFORMATION
fixed length control field data
010 ## - LIBRARY OF CONGRESS CONTROL NUMBER
LC control number 96052535
020 ## - INTERNATIONAL STANDARD BOOK NUMBER
International Standard Book Number 0385484518
020 ## - INTERNATIONAL STANDARD BOOK NUMBER
International Standard Book Number 9780385484510
040 ## - CATALOGING SOURCE
Original cataloging agency DLC
Transcribing agency DLC
Modifying agency DLC
043 ## - GEOGRAPHIC AREA CODE
Geographic area code n-us---
-- n-us---
050 00 - LIBRARY OF CONGRESS CALL NUMBER
Classification number LD571.B418
Item number S383 1997
092 ## - LOCALLY ASSIGNED DEWEY CALL NUMBER (OCLC)
Classification number 378.1 A339 1997
001 - CONTROL NUMBER
control field data
100 1# - MAIN ENTRY--PERSONAL NAME
Personal name Albom, Mitch,
Dates associated with a name 1958-
245 10 - TITLE STATEMENT
Title Tuesdays with Morrie :
Remainder of title an old man, a young man, and life's greatest lesson /
Statement of responsibility, etc. Mitch Albom.
250 ## - EDITION STATEMENT
Edition statement 1st ed.
260 ## - PUBLICATION, DISTRIBUTION, ETC.
Place of publication, distribution, etc. New York :
Name of publisher, distributor, etc. Doubleday,
Date of publication, distribution, etc. c1997.
300 ## - PHYSICAL DESCRIPTION
Extent 192 p. ;
Dimensions 19 cm.
500 ## - GENERAL NOTE
General note Library has: 2 copies
600 10 - SUBJECT ADDED ENTRY--PERSONAL NAME
Personal name Schwartz, Morris S.
610 20 - SUBJECT ADDED ENTRY--CORPORATE NAME
Corporate name or jurisdiction name as entry element Brandeis University
General subdivision Faculty
Form subdivision Biography.
650 #0 - SUBJECT ADDED ENTRY--TOPICAL TERM
Topical term or geographic name entry element Amyotrophic lateral sclerosis
General subdivision Patients
Geographic subdivision United States
Form subdivision Biography.
650 #0 - SUBJECT ADDED ENTRY--TOPICAL TERM
Topical term or geographic name entry element Teacher-student relationships
Geographic subdivision United States
Form subdivision Case studies.
650 #0 - SUBJECT ADDED ENTRY--TOPICAL TERM
Topical term or geographic name entry element Death
General subdivision Psychological aspects
Form subdivision Case studies.
Holdings
Withdrawn status Lost status Damaged status Not for loan Home library Current library Shelving location Date acquired Total checkouts Full call number Barcode Date last seen Price effective from Koha item type
        Fairview Fairview General stacks 22/03/2026   LD571.B418 S383 1997 BC0010131 22/03/2026 22/03/2026 Books